Регионална библиотека "Любен Каравелов" - Русе

From desintegration to reintegration (Запис номер 84620)

MARC детайли
000 -Лидер
Контролно поле с фиксирана дължина 01468nam a2200373 c 4500
003 - Код на организацията, давaща контролен номер
Контролно поле BLK
005 - Дата и час на последна редакция
Контролно поле 20180420224831.0
008 - Елементи от данни с фиксирана дължина
fixed length control field 180408b bul|||||r ||||||| ||bul||
010 ## - Наследен системен номер
LC control number KNG00089208000
020 ## - Международен стандартен номер на книга ISBN
Международен стандартен номер на книга ISBN 0-8213-6197-X
-- издат.: The World Bank
040 ## - Източник на каталожния запис
Идентификатор на билиотеката - собственик на записа BLK
041 ## - Код за език
Код за езика на текст/звукозапис или на отделно заглавие Английски
Код за езика КДБФ Английски
080 ## - УДК
Текстов определител УДК Външна търговия. Международна търговия. Външно-търговска политика. Мита. Вж и 336. 4
УДК код - определител по УДК 339.5
УДК определител (4-15)
УДК - код + определител 339.5(4-15)
139 ## - Редно поле
Редна дума From desintegration to reintegration
Авторски знак Fro - F 94
245 10 - Сведения за заглавието
Заглавие From desintegration to reintegration
Подзаглавни данни Eastern Europe and the Former Soviet Union in International Trade
Редно поле (дума) ed. by Harry G. Broadman.
257 ## - Страна на издаване
Страна на създаване/издаване Съединени американски щати
260 ## - Област на издателските данни
-- Washington
Име на издателя, разпространителя и проч. The World Bank
Година на издаване 2006
300 ## - Физическа характеристика
Страници 414 p.
Илюстрации и др. tab., diagr.
Размери/Мащаб 26 cm
380 ## - Жанр
Жанр Обществени науки
500 ## - Общи забележки
Забележка Bibliogr. p. 385-400 ; Index
504 ## - Забележка за наличие на библиография и др
Забележка за наличие на библиография и под. 385-400
590 ## - Забележки на библиотеката, притежаваща документа (RLIN)
Служебно ф
650 #4 - Допълнително описание по предмет – тема
Основно описание – тема или топоним Търговска политика
9 (RLIN) 294162
650 #4 - Допълнително описание по предмет – тема
Основно описание – тема или топоним Международни финансови отношения
9 (RLIN) 299855
650 #4 - Допълнително описание по предмет – тема
Основно описание – тема или топоним Международни икономически отношения
9 (RLIN) 253712
653 ## - Ключова дума – ненормативна
Ключова дума търговска политика
653 ## - Ключова дума – ненормативна
Ключова дума международни икономически отношения
700 1# - Други автори (авторска отговорност)
Лично име Broadman, Harry G.
Автороска отговорност (Описва отношението между автора и произведението) ed. by
9 (RLIN) 6168
852 ## - Местоположение
Форматна сигнатура Цб ІІ 15637
856 4# - Електронен адрес и достъп
Електронен формат pdf - файл
Път до файла /url/
856 4# - Електронен адрес и достъп
Електронен формат pdf - файл
Път до файла /url/
942 ## - АРТИКУЛИ
Вид на библиотечния материал Книги
Скрит в OPAC Не
944 ## - СЪЗДАВАНЕ И РЕДАКЦИЯ на ЗАПИСА
Създаване/Редакция Създаване
Дата на регистрацията/редакция 28.04.2009
Служител, извършил регистрацията/редакцията Милена_Ачева
944 ## - СЪЗДАВАНЕ И РЕДАКЦИЯ на ЗАПИСА
Създаване/Редакция Редакция
Дата на регистрацията/редакция 30.04.2009
Служител, извършил регистрацията/редакцията
999 ## - СИСТЕМНИ КОНТРОЛНИ НОМЕРА
Koha biblionumber 84620
Koha biblioitemnumber 84620
Наличности
Код за отписване Код за изгубен артикул Източник на класификационната схема Код за повреда Коз за рестрикции Код за отдаване Артикулен № Име на библиотеката - собственик Име на библиотеката, в която се намира в момента Статус (Текущо местоположение) Дата на вписване в системата Местоположение - отдел Цена в лева Инвентарен номер Систематично азбучна сигнатура Баркод Номер на екземпляра Цена в евро Служебна бележка Служебен тип на артикула
  Не е изгубен Universal Decimal Classification Не е повреден без рестрикции заемане за дома 137343 Регионална библиотека "Любен Каравелов" Русе Регионална библиотека "Любен Каравелов" Русе Заемна - подръчен фонд 2009-04-27 Заемна - подръчен фонд 0.00 120000735336 П 339.5/F 94 120000735336 1 0.00 Дост: DA Вид: А N: 5 Дата: 27.04.2009 Дата инв: 05.02.2018 Бележки инв: П2018 Книги
Vip Innovations Ltd, Rousse, Bulgaria 2025